Effective Teaching. (Record no. 2674)

MARC details
000 -LEADER
fixed length control field 00564nam a22001937a 4500
003 - CONTROL NUMBER IDENTIFIER
control field OSt
005 - DATE AND TIME OF LATEST TRANSACTION
control field 20160425194459.0
008 - FIXED-LENGTH DATA ELEMENTS--GENERAL INFORMATION
fixed length control field 151125b xxu||||| |||| 00| 0 eng d
020 ## - INTERNATIONAL STANDARD BOOK NUMBER
International Standard Book Number 05282497124
040 ## - CATALOGING SOURCE
Transcribing agency DDC.
082 ## - DEWEY DECIMAL CLASSIFICATION NUMBER
Classification number 271.102PER 1982.
100 ## - MAIN ENTRY--PERSONAL NAME
Personal name Perrott, Elizabeth.
9 (RLIN) 6282
245 ## - TITLE STATEMENT
Title Effective Teaching.
Remainder of title A Practical Guide To Improving your teaching.
260 ## - PUBLICATION, DISTRIBUTION, ETC. (IMPRINT)
Place of publication, distribution, etc. Harlow England.
Name of publisher, distributor, etc. Longman.
Date of publication, distribution, etc. 1992.
300 ## - PHYSICAL DESCRIPTION
Extent viii,197p;
Other physical details col,ill;
Dimensions 20cm.
504 ## - BIBLIOGRAPHY, ETC. NOTE
Bibliography, etc References and index are now included.
650 ## - SUBJECT ADDED ENTRY--TOPICAL TERM
Topical term or geographic name as entry element Teaching.
9 (RLIN) 776
942 ## - ADDED ENTRY ELEMENTS (KOHA)
Source of classification or shelving scheme Dewey Decimal Classification
Koha item type Short Loan
Holdings
Withdrawn status Lost status Source of classification or shelving scheme Damaged status Not for loan Home library Current library Date acquired Source of acquisition Inventory number Total Checkouts Full call number Barcode Date last seen Price effective from Koha item type
    Dewey Decimal Classification     MUST Main Library MUST Main Library 25/11/2015   02/17369   271.102PER 1982. 2015-2769 25/11/2015 25/11/2015 Short Loan
    Dewey Decimal Classification     MUST Main Library MUST Main Library 25/04/2016   02/17371   271.102PER 1982. 2016-1338 25/04/2016 25/04/2016 Short Loan
    Dewey Decimal Classification     MUST Main Library MUST Main Library 25/04/2016   2000/14619   271.102PER 1982. 2016-1339 25/04/2016 25/04/2016 Short Loan